<The> geographies of air transport

Saved in:
Bibliographic Details
Other Authors: Goetz, Andrew R., Budd, Lucy
Format: Book
Language:English
Published: Farnham ASHGATE 2014
Series:Transport and mobility series
Subjects:
Tags: Add Tag
No Tags, Be the first to tag this record!

MARC

LEADER 00000nam a2200000 4500
001 0200987
005 20240315121727.1
020 |a 978-1-4094-5331-4 
041 0 |a eng 
044 |a GB 
245 1 0 |a <The> geographies of air transport  |c edited by: Andrew R. Goetz, Lucy Budd 
264 1 |a Farnham  |b ASHGATE  |c 2014 
300 |a 283 s. 
490 1 |a Transport and mobility series 
830 0 |a Transport and mobility series 
610 2 0 |a doprava letecká 
610 2 0 |a geografia 
610 2 0 |a vývoj 
610 2 0 |a prognózy 
610 2 0 |a geopolitika 
610 2 0 |a geografia hospodárska 
610 2 0 |a letiská 
610 2 0 |a regióny 
610 2 0 |a porovnanie medzinárodné 
610 2 0 |a štúdie prípadové 
700 1 |a Goetz, Andrew R. 
700 1 |a Budd, Lucy